000 00821nam a2200217 i 4500
003 IT-RoINE
005 20190523071643.0
008 911210s1942 sp r 0001| spa d
040 _aSpMaBN
_bspa
_cSpMaBN IT-RoINE
_erdc
_dIT-RoINE
100 1 _aMaqua, Alberto de
_959907
245 1 0 _aBibliotecas juveniles :
_bsu organización y funcionamiento, seguido de un apéndice sobre bibliotecas infantiles /
_cAlberto de Maqua ; prólogo de Martín de la Torre.
260 _aMadrid :
_bEdiciones Juventudes Acción Católica,
_c1942.
300 _a90 p. :
_bil. ;
_c22 cm
336 _2rdacontent
_atext
337 _2rdamedia
_aunmediated
338 _2rdacarrier
_avolume
650 4 _aBibliotecas para niños
_959908
650 4 _aCatalogación
_959909
700 1 _950906
_aTorre, Martín de la,
_d1878-1944
942 _cMTS
999 _c30535
_d30535